000 00743ngm a2200193 a 4500
005 20210219153712.0
008 010705s1998 mx 042 aaspa d
035 _aUPN01000109271
049 _aAV
050 4 _aPVI F 833
245 0 0 _aLázaro Cárdenas :
_bentre el pueblo y el poder.
260 _aMéxico :
_bClío,
_c1998.
300 _a1 videocasete (VHS) (42 min.) :
_bson., b y n.
440 0 _aHistoria del poder ;
_v2)
520 _aTodos los sexenios encarman una promesa. La de Cárdenas fue doble: la justicia social y la dignidad nacional. Su sexenio tuvo como todos, luces y sombras
600 1 4 _aCARDENAS DEL RIO, LAZARO,
_d1895-1970
610 1 4 _aMEXICO.
_bPRESIDENTE (1934-1940 : CARDENAS DEL RIO)
905 _aAudiovisuales
999 _c83182
_d83182